000 00714nam a2200193 i 4500
001 147940
003 ES-MaACL
005 20230906202339.0
007 t|
008 070214s1974 sp r ||||1| spa d
100 1 _aSpillane, John D.
_9107728
245 1 0 _aAtlas de neurología clínica /
_cJohn D. Spillane ; traducción de Francisco Martínez-Orozco Llorente ; prólogo a la edición española de Luis Barraquer Bordás.
260 _aBarcelona :
_bLabor,
_c1974.
300 _aXII, 378 p. :
_bil. ;
_c29 cm.
650 0 4 _aSistema nervioso-
_xEnfermedades.
_917135
700 1 _aMartínez-Orozco Llorente, Francisco.
_978289
700 0 _aBarraquer Bordas, L.
_925855
852 _aES-MaACL
_jE-8791
_bR.93209
999 _c147940
_d147940